<?xml version="1.0" encoding="UTF-8"?>
<collection xmlns="http://www.loc.gov/MARC21/slim">
 <record>
  <leader>02244nam a2200277 a 4500</leader>
  <controlfield tag="001">1/44731</controlfield>
  <controlfield tag="008">140627s2001    us            ..1 0 eng  </controlfield>
  <datafield tag="020" ind1=" " ind2=" ">
   <subfield code="a">9781928994251</subfield>
  </datafield>
  <datafield tag="020" ind1=" " ind2=" ">
   <subfield code="a">1928994253</subfield>
  </datafield>
  <datafield tag="035" ind1=" " ind2=" ">
   <subfield code="l">47685</subfield>
  </datafield>
  <datafield tag="040" ind1=" " ind2=" ">
   <subfield code="a">OPELS</subfield>
   <subfield code="b">eng</subfield>
   <subfield code="c">OPELS</subfield>
   <subfield code="d">OPELS</subfield>
   <subfield code="d">OCLCQ</subfield>
   <subfield code="d">ZMC</subfield>
   <subfield code="d">OCLCQ</subfield>
   <subfield code="d">OCLCF</subfield>
  </datafield>
  <datafield tag="245" ind1="0" ind2="0">
   <subfield code="a">Configuring Exchange server 2000</subfield>
   <subfield code="h">[electronic resource] /</subfield>
   <subfield code="c">edited by Liz Mason ... [et al.].</subfield>
  </datafield>
  <datafield tag="246" ind1="3" ind2="0">
   <subfield code="a">Exchange server 2000</subfield>
  </datafield>
  <datafield tag="260" ind1=" " ind2=" ">
   <subfield code="a">Rockland, MA :</subfield>
   <subfield code="b">Syngress,</subfield>
   <subfield code="c">c2001.</subfield>
  </datafield>
  <datafield tag="300" ind1=" " ind2=" ">
   <subfield code="a">1 online resource (xxxi, 637 p.) :</subfield>
   <subfield code="b">ill.</subfield>
  </datafield>
  <datafield tag="505" ind1="0" ind2="0">
   <subfield code="t">What's New in Exchange 2000 --</subfield>
   <subfield code="t">Active Directory Integration with Exchange 2000 --</subfield>
   <subfield code="t">Security Applications that Enhance Exchange 2000 --</subfield>
   <subfield code="t">Basic Administration --</subfield>
   <subfield code="t">Client Access to Exchange 2000 for E-Mail --</subfield>
   <subfield code="t">Deploying Exchange 2000 Server --</subfield>
   <subfield code="t">Defending Exchange 2000 from Attack --</subfield>
   <subfield code="t">Real-Time Communication in Exchange 2000 --</subfield>
   <subfield code="t">Application Service Providers --</subfield>
   <subfield code="t">Is Your Backup and Restore Really Working? --</subfield>
   <subfield code="t">Clustering Your Exchange 2000 Server.</subfield>
  </datafield>
  <datafield tag="520" ind1=" " ind2=" ">
   <subfield code="a">E-mail configuration for the System Administrator. Windows 2000 users will find Configuring Exchange Server 2000 valuable for its coverage of all the popular e-mail clients, such as Outlook and Outlook Express. In addition, System and E-Mail Administrators will find the coverage of large system E-Mail Providers such as Exchange indispensable. Configuring Exchange Server 2000 focuses on e-mail configuration from the standpoint of the system administrator. It covers installation and management of all the major email programs, as well as covering mobile email, web-based email, email security and implementation of email within multinational companies. * Covers the full range of e-mail security features * Avoids theory and deals in specific safeguards and solutions that are readily available to users.</subfield>
  </datafield>
  <datafield tag="500" ind1=" " ind2=" ">
   <subfield code="a">Includes index.</subfield>
  </datafield>
  <datafield tag="630" ind1="0" ind2="0">
   <subfield code="a">Microsoft Exchange server.</subfield>
  </datafield>
  <datafield tag="650" ind1=" " ind2="4">
   <subfield code="a">Client/server computing.</subfield>
  </datafield>
  <datafield tag="655" ind1=" " ind2="4">
   <subfield code="a">Electronic books.</subfield>
  </datafield>
  <datafield tag="700" ind1="1" ind2=" ">
   <subfield code="a">Mason, Liz.</subfield>
  </datafield>
  <datafield tag="852" ind1=" " ind2=" ">
   <subfield code="a">INST</subfield>
   <subfield code="b">UNIPILB</subfield>
   <subfield code="c">EBOOKS</subfield>
   <subfield code="e">20140627</subfield>
   <subfield code="p">00b47685</subfield>
   <subfield code="q">00b47685</subfield>
   <subfield code="t">ONLINE</subfield>
   <subfield code="y">0</subfield>
  </datafield>
  <datafield tag="856" ind1="4" ind2="0">
   <subfield code="3">ScienceDirect</subfield>
   <subfield code="u">http://www.sciencedirect.com/science/book/9781928994251</subfield>
  </datafield>
  <datafield tag="856" ind1="4" ind2=" ">
   <subfield code="d">/webopac/covers/03/47685_9781928994251.jpg</subfield>
  </datafield>
  <datafield tag="856" ind1="4" ind2=" ">
   <subfield code="d">/webopac/covers/03/47685_1928994253.jpg</subfield>
  </datafield>
 </record>
</collection>
